00322nam a2200145Ia 4500008004100000020001300041041000800054082001700062100002200079245001200101250000600113260003800119300001000157650000900167210716s1986 xx 000 0 und d a91646028 aeng a005.363 CHIP aChirlian, Paul M. aPascal. a1 aNew DelhibBPB Publicationsc1986 ax,211 aNone